| 000 | 00393nam a2200133Ia 4500 | ||
|---|---|---|---|
| 005 | 20260328101528.0 | ||
| 008 | 260328s9999||||xx |||||||||||||| ||und|| | ||
| 100 | _aFigueroa Castrejón, Aníbal | ||
| 245 | 0 |
_aEstudios de Arquitectura : _b Bioclimática / _cAníbal Figueroa Castrejón |
|
| 260 | _bUniversidad Autónoma Metropolitana | ||
| 300 | _a121 p. | ||
| 650 | _aARQUITECTURA | ||
| 942 | _cBK | ||
| 999 |
_c9853 _d9853 |
||